02430nam a22001937a 4500003000500000040000600005082001400011100003100025245010600056264003400162300001400196505181300210650002002023690002202043700004002065942001402105999001902119952009802138NUST a0 a005.1,SID aSiddiqi, Muhammad 9114324 aSmart Campus /cASC Muhammad Siddiqi, PC Hamza bin Atique, ASC Guftar Raza, ASC Muhammad Kashif Saeed aMCS, NUST bRawalpindi c2023 axii, 86 p aSmart Campus is an innovative approach to creating a learning environment that leverages advanced technologies to improve the quality of education and enhance the student experience. It involves data analytics, and machine learning algorithms to enable real-time monitoring and control of campus operations, enhance campus security, streamline resource management, and optimize energy consumption. One of the key features of a Smart Campus is the use of machine learning algorithms to provide personalized and context-aware services to students and staff. Security is also a critical aspect of a Smart Campus. Advanced security systems, such as facial recognition, Registration Plate reading, smoking detection, crowd activity analysis, no of people counting can be used to enhance campus security and ensure the safety of students and staff. In addition, data analytics can be used to identify potential security threats and alert campus security personnel in real-time. The implementation of a Smart Campus is not without its challenges. One of the main challenges is the need for significant investments in technology infrastructure and the training of staff to use the new systems. There are also concerns around data privacy and security, as the collection and analysis of large amounts of data can pose risks to personal privacy. Despite these challenges, the benefits of a Smart Campus are significant. By improving the learning environment, enhancing the student experience, and reducing energy waste, a Smart Campus can help institutions to attract and retain students, improve academic outcomes, and reduce operating costs. Some of the best practices and case studies from around the world illustrate the potential of Smart Campus to transform higher education and create a more sustainable future. aUG BESE9114271 a BESE-25 9114270 aSupervisor Dr. Hammad Afzal9114319 2ddccBKB  c595683d595683 00104070aMCSbMCScGENd2023-08-30l0o005.1,SIDpMCSPCS-467r2023-08-30w2023-08-30yBKB